[Event "II Open"]
[Site "Bolzano - Bozen ITA"]
[Date "2007.05.25"]
[Round "1"]
[White "Danti, Alessandro"]
[Black "Buglisi, Massimo"]
[Result "0-1"]
[WhiteElo "1431"]
[BlackElo "1650"]
[PlyCount "114"]
[EventDate "2007.05.25"]

1. d4 Nf6 2. Nf3 g6 3. Bf4 Bg7 4. e3 d6 5. Nbd2 O-O 6. c4 Nbd7 7. Be2 c5 8. d5
Nh5 9. Bg5 Bxb2 10. Rb1 Bg7 11. O-O Nhf6 12. Qc2 Rb8 13. Bd3 a6 14. Bf4 Ng4 15.
h3 Nge5 16. Be2 Qa5 17. Nb3 Qc7 18. Bg5 Nxf3+ 19. Bxf3 Nf6 20. Qe2 b5 21. Bf4
b4 22. e4 Nd7 23. Qe3 Ne5 24. Be2 a5 25. Bh6 a4 26. Bxg7 Kxg7 27. f4 axb3 28.
fxe5 bxa2 29. Rb3 dxe5 30. Ra1 Ra8 31. Qd2 f5 32. exf5 Bxf5 33. Rxa2 Rxa2 34.
Qxa2 Qd6 35. Qb2 Qf6 36. Rf3 e4 37. Qxf6+ Kxf6 38. Rf1 Kg7 39. g4 Bd7 40. Rxf8
Kxf8 41. Bd1 Kf7 42. Kf2 Kf6 43. Ke3 Ke5 44. Bc2 e6 45. d6 Kxd6 46. Bxe4 Ba4
47. Bb1 Ke5 48. Ba2 g5 49. Bb1 h6 50. Ba2 Bc6 51. Kf2 Kd4 52. Bb1 Kxc4 53. Ba2+
Kc3 54. Bxe6 b3 55. Bf5 Kd2 56. Be6 b2 57. Ba2 c4 0-1

[Event "II Open"]
[Site "Bolzano - Bozen ITA"]
[Date "2007.05.25"]
[Round "1"]
[White "Delago, Elisabeth"]
[Black "Dallaglio, Giovanni"]
[Result "0-1"]
[WhiteElo "1455"]
[BlackElo "2027"]
[PlyCount "62"]
[EventDate "2007.05.25"]

1. c4 e6 2. Nc3 d5 3. cxd5 exd5 4. d4 c6 5. g3 Nf6 6. Bg2 Be7 7. Nf3 O-O 8. O-O
Bg4 9. Bf4 Nbd7 10. Re1 Re8 11. a3 Nf8 12. Qd3 Bxf3 13. Qxf3 Ng6 14. e3 Bd6 15.
Bxd6 Qxd6 16. Rad1 Re7 17. b4 Rae8 18. Rd2 a5 19. Rb2 Nf8 20. Rb3 Ne6 21. Na4
Nxd4 22. exd4 Rxe1+ 23. Bf1 Ne4 24. Rb2 axb4 25. axb4 Qh6 26. Rc2 Rxf1+ 27.
Kxf1 Nd2+ 28. Rxd2 Qxd2 29. Qb3 Qxd4 30. Qb1 Qe4 31. Qb2 Qh1# 0-1

[Event "II Open"]
[Site "Bolzano - Bozen ITA"]
[Date "2007.05.25"]
[Round "1"]
[White "Delago, Hans"]
[Black "Scharrer, Patrick"]
[Result "0-1"]
[WhiteElo "1473"]
[BlackElo "2161"]
[PlyCount "46"]
[EventDate "2007.05.25"]

1. d4 Nf6 2. c4 g6 3. Nc3 Bg7 4. Nf3 O-O 5. e3 d6 6. h3 Nbd7 7. Bd3 e5 8. dxe5
dxe5 9. e4 c6 10. O-O Qe7 11. Bg5 h6 12. Be3 Nc5 13. Qe2 Nh5 14. a3 Ne6 15.
Rad1 Nd4 16. Bxd4 exd4 17. Nb1 Nf4 18. Qd2 Qf6 19. e5 Nxh3+ 20. Kh2 Qf4+ 21.
Qxf4 Nxf4 22. Rfe1 c5 23. Nbd2 Nxd3 0-1

[Event "II Open"]
[Site "Bolzano - Bozen ITA"]
[Date "2007.05.25"]
[Round "1"]
[White "Demetz, Ernst"]
[Black "Pichler, Christoph"]
[Result "0-1"]
[WhiteElo "1389"]
[BlackElo "1587"]
[PlyCount "66"]
[EventDate "2007.05.25"]

1. e4 e5 2. Nf3 Nc6 3. a3 g6 4. Bb5 Bg7 5. c3 a6 6. Bxc6 bxc6 7. d4 exd4 8.
cxd4 Ne7 9. O-O O-O 10. e5 d6 11. Bf4 Nd5 12. Qd2 Nxf4 13. Qxf4 f6 14. exd6
cxd6 15. b4 g5 16. Qd2 g4 17. Ne1 f5 18. g3 a5 19. f3 Qb6 20. Nc2 axb4 21. fxg4
b3 22. Qb4 Qxb4 23. Nxb4 Bxd4+ 24. Kg2 Bxa1 25. Nxc6 Bb7 26. Rc1 Rac8 27. Kh3
fxg4+ 28. Kxg4 Rxc6 29. Re1 Bc8+ 30. Kg5 Bf6+ 31. Kh6 Bg7+ 32. Kh5 Rc5+ 33. Kh4
Bf6# 0-1

[Event "II Open"]
[Site "Bolzano - Bozen ITA"]
[Date "2007.05.25"]
[Round "1"]
[White "Nischler, Hermann"]
[Black "Fox, Jonas"]
[Result "1-0"]
[WhiteElo "1580"]
[BlackElo "1995"]
[PlyCount "39"]
[EventDate "2007.05.25"]

1. e4 e5 2. d4 exd4 3. c3 dxc3 4. Bc4 Bc5 5. Nf3 Nf6 6. e5 Ne4 7. O-O cxb2 8.
Bxb2 Nc6 9. Qd5 O-O 10. Qxe4 Nb4 11. a3 Nc6 12. Nc3 b6 13. Rad1 Bb7 14. Qg4 Bc8
15. e6 d6 16. Nd5 g6 17. exf7+ Rxf7 18. Qg5 Qxg5 19. Nxg5 Rf8 20. Ne7# 1-0

[Event "II Open"]
[Site "Bolzano - Bozen ITA"]
[Date "2007.05.25"]
[Round "1"]
[White "Pivovarov, Michail"]
[Black "Facchetti, Lorenzo"]
[Result "1-0"]
[WhiteElo "1973"]
[BlackElo "1440"]
[PlyCount "59"]
[EventDate "2007.05.25"]

1. Nf3 Nf6 2. c4 g6 3. Nc3 Bg7 4. g3 O-O 5. Bg2 d6 6. O-O c5 7. d3 Nc6 8. Rb1
a6 9. a3 Nd7 10. Nd5 b5 11. b3 Rb8 12. Bg5 h6 13. Bd2 e6 14. Ne3 b4 15. Ng4 g5
16. a4 Nce5 17. Ngxe5 Nxe5 18. Nxe5 Bxe5 19. f4 gxf4 20. Bxf4 Bxf4 21. Rxf4 e5
22. Rh4 Kg7 23. e3 Bf5 24. Qe2 Qe7 25. Rf1 Bg6 26. Bd5 a5 27. e4 Rbd8 28. Kg2
Kh7 29. Qe3 Qg5 30. Qxg5 1-0

[Event "II Open"]
[Site "Bolzano - Bozen ITA"]
[Date "2007.05.25"]
[Round "1"]
[White "Raich, Dominik"]
[Black "Spornberger, Maximilian"]
[Result "0-1"]
[WhiteElo "1440"]
[BlackElo "1707"]
[PlyCount "100"]
[EventDate "2007.05.25"]

1. e4 d5 2. Nc3 dxe4 3. Nxe4 Qd5 4. Bd3 f5 5. Ng3 Nf6 6. Qf3 g6 7. Qxd5 Nxd5 8.
Nf3 Bg7 9. Bc4 e6 10. O-O O-O 11. Re1 Nc6 12. Ng5 Na5 13. d3 Nxc4 14. dxc4 Nb4
15. Re2 e5 16. c3 Nd3 17. b4 Nxc1 18. Rxc1 Bh6 19. h4 e4 20. f3 exf3 21. gxf3
Bxg5 22. hxg5 Bd7 23. Rd1 Rad8 24. Re7 Rf7 25. Rxf7 Kxf7 26. Nf1 Ke7 27. Re1+
Be6 28. Ne3 c6 29. c5 Rd3 30. c4 f4 31. Nc2 Rxf3 32. Nd4 Re3 33. Rxe3 fxe3 34.
Nxe6 Kxe6 35. Kg2 Ke5 36. Kf3 Kd4 37. Ke2 Kxc4 38. Kxe3 Kxb4 39. Kd4 b6 40.
cxb6 axb6 41. Ke5 c5 42. Kf6 c4 43. Kg7 c3 44. Kxh7 c2 45. Kxg6 c1=Q 46. Kh6
Kc5 47. Kg6 Kd6 48. Kf6 Qf4+ 49. Kg6 Ke6 50. Kh5 Kf5 0-1

[Event "II Open"]
[Site "Bolzano - Bozen ITA"]
[Date "2007.05.25"]
[Round "1"]
[White "Sader, Michael"]
[Black "Sinner, Armin"]
[Result "1-0"]
[WhiteElo "2259"]
[BlackElo "1506"]
[PlyCount "57"]
[EventDate "2007.05.25"]

1. Nf3 Nf6 2. c4 g6 3. b3 Bg7 4. Bb2 d6 5. d4 O-O 6. g3 Nbd7 7. Bg2 c5 8. d5
Qc7 9. O-O Re8 10. Nbd2 Nf8 11. Qc2 e6 12. dxe6 Bxe6 13. e4 h6 14. Rfe1 Rad8
15. h3 Qc8 16. Kh2 N8h7 17. Rad1 a6 18. Ng1 b6 19. Ne2 Ng5 20. Nf4 Ngh7 21. Nf1
g5 22. Nxe6 Qxe6 23. Ne3 Qc8 24. Nf5 Qc7 25. Re2 Bf8 26. Red2 Nh5 27. Qc3 f6
28. Qf3 b5 29. Qxh5 1-0

[Event "II Open"]
[Site "Bolzano - Bozen ITA"]
[Date "2007.05.25"]
[Round "1"]
[White "Wieser, Josef"]
[Black "Wendel, Liu"]
[Result "1-0"]
[WhiteElo "1605"]
[BlackElo "1404"]
[PlyCount "83"]
[EventDate "2007.05.25"]

1. e4 e5 2. Nf3 Nc6 3. Bc4 d6 4. d3 Be7 5. Be3 Nf6 6. Nbd2 O-O 7. c3 Na5 8. Bb3
Bg4 9. h3 Bh5 10. O-O Nxb3 11. Qxb3 b6 12. Qc2 Nd7 13. d4 c6 14. dxe5 Nxe5 15.
Nh2 Bg6 16. f4 Nd7 17. f5 Bh5 18. g4 Bxg4 19. hxg4 Ne5 20. Ndf3 Nc4 21. Bc1 g6
22. b3 Ne5 23. g5 f6 24. Qg2 Kf7 25. gxf6 Bxf6 26. Ng5+ Bxg5 27. Bxg5 Qd7 28.
fxg6+ Kg7 29. gxh7 Rxf1+ 30. Rxf1 Ng6 31. Qf3 Rf8 32. Bf6+ Kh6 33. Ng4+ Kxh7
34. Qh3+ Kg8 35. Nh6+ Kh7 36. Qxd7+ Kxh6 37. Bg7+ Kh5 38. Bxf8 Kh4 39. Qf5 d5
40. Qxg6 d4 41. Be7+ Kh3 42. Rf3# 1-0

[Event "II Open"]
[Site "Bolzano - Bozen ITA"]
[Date "2007.05.26"]
[Round "2"]
[White "Buglisi, Massimo"]
[Black "Bernardi, Ruben"]
[Result "0-1"]
[WhiteElo "1650"]
[BlackElo "2109"]
[PlyCount "84"]
[EventDate "2007.05.25"]

1. d4 d5 2. c4 c6 3. Nc3 Nf6 4. cxd5 cxd5 5. Bf4 Qb6 6. e3 Qxb2 7. Rc1 Bd7 8.
Bd3 e6 9. Nge2 Bb4 10. O-O O-O 11. Rb1 Qa3 12. Nb5 Bxb5 13. Bxb5 a6 14. Bd3 Rc8
15. Rb3 Qa5 16. Qb1 Nc6 17. a3 Bxa3 18. Rxb7 Nb4 19. Qe1 Qa4 20. Qd2 Nxd3 21.
Qxd3 Bf8 22. Rd1 h6 23. h3 Qc2 24. Nc1 Ne4 25. Qxc2 Rxc2 26. Nd3 g5 27. Bg3 Rc3
28. Ne5 Nd6 29. Rd7 Rac8 30. Ng4 Rc1 31. Rxc1 Rxc1+ 32. Kh2 Ne4 33. Ra7 h5 34.
Ne5 h4 35. Bxh4 gxh4 36. Rxf7 Bd6 37. Rf4 Bxe5 38. dxe5 a5 39. Rxh4 a4 40. Rh6
Nc5 41. Rg6+ Kf7 42. Rf6+ Kg7 0-1

[Event "II Open"]
[Site "Bolzano - Bozen ITA"]
[Date "2007.05.26"]
[Round "2"]
[White "Dallaglio, Giovanni"]
[Black "Rinaldo, Gaetano"]
[Result "1-0"]
[WhiteElo "2027"]
[BlackElo "1700"]
[PlyCount "55"]
[EventDate "2007.05.25"]

1. d4 Nf6 2. Nf3 c5 3. e3 cxd4 4. exd4 g6 5. c4 d5 6. Nc3 Bg7 7. Be2 O-O 8. O-O
Nc6 9. Bg5 Be6 10. cxd5 Nxd5 11. Qd2 Re8 12. h3 Qb6 13. Rfe1 Rad8 14. Rac1 f6
15. Be3 Nxe3 16. Qxe3 Nb4 17. Na4 Qd6 18. Nc5 Bd5 19. a3 Na2 20. Rc2 b6 21. Ne4
Qe6 22. Ned2 Qf7 23. Bb5 e5 24. Bxe8 Rxe8 25. dxe5 fxe5 26. Ng5 Qb7 27. Nge4 h5
28. Nd6 1-0

[Event "II Open"]
[Site "Bolzano - Bozen ITA"]
[Date "2007.05.26"]
[Round "2"]
[White "Facchetti, Lorenzo"]
[Black "Demetz, Ernst"]
[Result "1-0"]
[WhiteElo "1440"]
[BlackElo "1389"]
[PlyCount "59"]
[EventDate "2007.05.25"]

1. d4 d5 2. c4 c6 3. Nc3 Nf6 4. Nf3 Qa5 5. Bd2 dxc4 6. Ne4 Qd5 7. Nxf6+ gxf6 8.
e3 Bg7 9. Rc1 b5 10. Be2 O-O 11. O-O e5 12. Bc3 e4 13. Nd2 Ba6 14. f3 f5 15.
Qc2 Re8 16. fxe4 fxe4 17. Rf4 f5 18. Rh4 Re6 19. Nf1 Nd7 20. Ng3 Nf6 21. Rf1
Ng4 22. Bxg4 fxg4 23. Rf5 Qd8 24. Rxg4 Rf6 25. Rxf6 Bc8 26. Rxg7+ Kxg7 27. d5
Kg8 28. Qxe4 Qxd5 29. Qe8+ Kg7 30. Re6+ 1-0

[Event "II Open"]
[Site "Bolzano - Bozen ITA"]
[Date "2007.05.26"]
[Round "2"]
[White "Gasparro, Antonio"]
[Black "Danti, Alessandro"]
[Result "1-0"]
[WhiteElo "1473"]
[BlackElo "1431"]
[PlyCount "69"]
[EventDate "2007.05.25"]

1. c4 Nf6 2. Nc3 g6 3. Nf3 Bg7 4. g3 O-O 5. Bg2 d6 6. O-O e5 7. d3 Nbd7 8. Bg5
h6 9. Be3 Ng4 10. Bd2 Ngf6 11. Rc1 Nc5 12. b4 Ne6 13. c5 Nd4 14. Nxd4 exd4 15.
Nb5 dxc5 16. Rxc5 c6 17. Na3 Be6 18. b5 Nd7 19. Rc2 Ne5 20. bxc6 Nxc6 21. Qc1
Kh7 22. Qb2 Qd7 23. Rfc1 Bd5 24. Bxd5 Qxd5 25. Qxb7 Nb4 26. Qxb4 Rab8 27. Qc5
Qe6 28. Bf4 Rbc8 29. Qxc8 Rxc8 30. Rxc8 Qxe2 31. R8c7 Qb2 32. Rxf7 Qxa3 33.
Rcc7 g5 34. Rxg7+ Kh8 35. Be5 1-0

[Event "II Open"]
[Site "Bolzano - Bozen ITA"]
[Date "2007.05.26"]
[Round "2"]
[White "Gerstl, Karl"]
[Black "Wieser, Christof"]
[Result "1-0"]
[WhiteElo "1826"]
[BlackElo "1308"]
[PlyCount "91"]
[EventDate "2007.05.25"]

1. e4 e5 2. Nf3 Nc6 3. Bb5 d6 4. h3 Bd7 5. O-O Qf6 6. Kh1 O-O-O 7. d3 Nd4 8.
Bxd7+ Rxd7 9. Nxd4 exd4 10. Qh5 Qe5 11. Qxe5 dxe5 12. f4 exf4 13. Bxf4 Re7 14.
Nd2 Nf6 15. Bg5 Re6 16. Bxf6 gxf6 17. Rf5 Bh6 18. Nb3 Rd6 19. Raf1 Bg7 20. a3
Rhd8 21. Nc1 Rc6 22. R5f2 Bh6 23. Na2 Rdd6 24. Nb4 Rb6 25. b3 Bg7 26. Nd5 Rbc6
27. Ne7+ Kd8 28. Nxc6+ Rxc6 29. Re2 Ra6 30. a4 Rc6 31. e5 fxe5 32. Rxf7 Bh6 33.
Rxh7 Bg5 34. h4 Bc1 35. g4 Rf6 36. Kg2 Be3 37. g5 Rf4 38. Kg3 Rf1 39. Kg4 Rf4+
40. Kh3 Rf3+ 41. Kg2 Rf4 42. Kg3 Rf1 43. Rg2 Bf4+ 44. Kg4 Bxg5 45. Kxg5 Rf8 46.
Kh6 1-0

[Event "II Open"]
[Site "Bolzano - Bozen ITA"]
[Date "2007.05.26"]
[Round "2"]
[White "Kaserer, Hans-Peter"]
[Black "Wieser, Josef"]
[Result "1-0"]
[WhiteElo "1982"]
[BlackElo "1605"]
[PlyCount "53"]
[EventDate "2007.05.25"]

1. d4 d5 2. c4 dxc4 3. Nf3 Nf6 4. Nc3 Nc6 5. e3 Bg4 6. Bxc4 e6 7. O-O Bb4 8. a3
Bxc3 9. bxc3 O-O 10. Rb1 Rb8 11. Re1 Nd5 12. Bd2 Qe7 13. a4 Rfd8 14. e4 Nb6 15.
Ba2 e5 16. d5 Na5 17. Qe2 a6 18. c4 Bxf3 19. gxf3 Qc5 20. Bb4 Qd4 21. Red1 Qxc4
22. Bxc4 Naxc4 23. a5 Nxa5 24. Bxa5 Na8 25. d6 Rxd6 26. Rxd6 cxd6 27. Rc1 1-0

[Event "II Open"]
[Site "Bolzano - Bozen ITA"]
[Date "2007.05.26"]
[Round "2"]
[White "Niederkofler, Andreas"]
[Black "Bevilacqua, Maurizio"]
[Result "1-0"]
[WhiteElo "1691"]
[BlackElo "2170"]
[PlyCount "119"]
[EventDate "2007.05.25"]

1. e4 c5 2. Nf3 e6 3. d4 cxd4 4. Nxd4 a6 5. Nc3 Qc7 6. g3 Nf6 7. Bg2 Bb4 8. Bd2
Nc6 9. Nxc6 bxc6 10. O-O Bc5 11. Bf4 e5 12. Bg5 Be7 13. Qd2 Rb8 14. b3 h6 15.
Bxf6 Bxf6 16. Rad1 O-O 17. Na4 Be7 18. c4 d6 19. h3 Be6 20. f4 exf4 21. gxf4 f5
22. Nc3 Rbd8 23. exf5 Bxf5 24. Ne2 d5 25. cxd5 cxd5 26. Kh1 Be4 27. Nd4 Qd7 28.
Qe3 Bc5 29. Qg3 Bxd4 30. Rxd4 Qf5 31. Bxe4 dxe4 32. Rg1 Qf6 33. Rxe4 Rf7 34.
Qg6 Qxg6 35. Rxg6 Rd1+ 36. Kh2 Rd2+ 37. Rg2 Rd3 38. Rf2 Rf5 39. Kg2 Rh5 40. Rf3
Rd2+ 41. Rf2 Rd3 42. Rf3 Rd2+ 43. Rf2 Rxf2+ 44. Kxf2 Rxh3 45. Ra4 Kf7 46. Rxa6
Rc3 47. Kg2 h5 48. b4 Rc4 49. b5 Rxf4 50. b6 Rb4 51. a4 g5 52. a5 h4 53. Ra7+
Ke6 54. Rh7 Kd5 55. b7 Kc6 56. a6 g4 57. Rxh4 Kc7 58. Rh7+ Kb8 59. Rh8+ Ka7 60.
Ra8+ 1-0

[Event "II Open"]
[Site "Bolzano - Bozen ITA"]
[Date "2007.05.26"]
[Round "2"]
[White "Paltrinieri, Nicholas"]
[Black "Nischler, Hermann"]
[Result "1/2-1/2"]
[WhiteElo "1872"]
[BlackElo "1580"]
[PlyCount "99"]
[EventDate "2007.05.25"]

1. f4 d5 2. Nf3 g6 3. e3 Bg7 4. Be2 Nf6 5. O-O O-O 6. d3 Nc6 7. Qe1 e6 8. Bd1
b6 9. e4 dxe4 10. dxe4 Bb7 11. Nc3 Qd7 12. Kh1 Rad8 13. e5 Nd5 14. Ne4 Nde7 15.
c3 Na5 16. Bc2 Ba6 17. Rf2 Bb7 18. b3 Bxe4 19. Bxe4 Qd1 20. Ba3 Qxe1+ 21. Rxe1
Rfe8 22. Rff1 Bf8 23. Rd1 Nd5 24. Bxd5 Rxd5 25. Bxf8 Kxf8 26. Rxd5 exd5 27. Rd1
Rd8 28. Ng5 h6 29. Ne4 Ke7 30. Nf6 Ke6 31. g4 c5 32. Kg2 d4 33. cxd4 Rxd4 34.
Rxd4 cxd4 35. Kf3 g5 36. f5+ Kxe5 37. Ng8 Nc6 38. Nxh6 f6 39. h3 Kd5 40. Ng8
Ne5+ 41. Ke2 Nd7 42. Kd3 Ne5+ 43. Ke2 Nd7 44. Ne7+ Ke4 45. Nc6 a5 46. a3 Kd5
47. Ne7+ Ke4 48. Nc6 Kd5 49. Ne7+ Ke4 50. Nc6 1/2-1/2

[Event "II Open"]
[Site "Bolzano - Bozen ITA"]
[Date "2007.05.26"]
[Round "2"]
[White "Perfler, Manfred"]
[Black "Delago, Hans"]
[Result "1-0"]
[WhiteElo "1661"]
[BlackElo "1473"]
[PlyCount "85"]
[EventDate "2007.05.25"]

1. e4 c6 2. d4 d5 3. Nc3 dxe4 4. Nxe4 Bf5 5. Qf3 e6 6. c3 Bxe4 7. Qxe4 Nf6 8.
Qf3 Be7 9. Bd3 Qd5 10. Bf4 Qxf3 11. Nxf3 h6 12. h3 Nbd7 13. O-O Nh5 14. Bh2 f5
15. Rae1 O-O 16. Rxe6 Bd8 17. Rfe1 Rf6 18. Rxf6 Nhxf6 19. Bxf5 Nf8 20. Ne5 Bc7
21. a4 Re8 22. b4 N6d7 23. Kf1 Nxe5 24. Bxe5 Bxe5 25. Rxe5 Rxe5 26. dxe5 Kf7
27. f4 g6 28. Bc8 b6 29. Kf2 Ke7 30. h4 Kd8 31. Bh3 Ke7 32. Ke3 Ne6 33. Bxe6
Kxe6 34. Ke4 a6 35. g4 b5 36. axb5 axb5 37. f5+ gxf5+ 38. gxf5+ Ke7 39. Kd4 Kd7
40. Kc5 Kc7 41. e6 Kd8 42. f6 h5 43. Kxc6 1-0

[Event "II Open"]
[Site "Bolzano - Bozen ITA"]
[Date "2007.05.26"]
[Round "2"]
[White "Pichler, Christoph"]
[Black "Pivovarov, Michail"]
[Result "1-0"]
[WhiteElo "1587"]
[BlackElo "1973"]
[PlyCount "117"]
[EventDate "2007.05.25"]

1. e4 c6 2. d4 d5 3. e5 e6 4. Bd3 c5 5. c3 Nc6 6. Nf3 Bd7 7. a3 c4 8. Bc2 Qb6
9. Nbd2 Be7 10. b3 cxb3 11. Bxb3 Rc8 12. Rb1 Qc7 13. c4 dxc4 14. Bxc4 Na5 15.
Bd3 Bc6 16. O-O g5 17. h3 Rd8 18. Ne4 Bxe4 19. Bxe4 h6 20. Qa4+ Kf8 21. Bd2 Nc6
22. Rfc1 Qd7 23. Bxc6 bxc6 24. Rxc6 Kg7 25. Qa6 Qd5 26. Rb7 Rd7 27. Rcc7 Rxc7
28. Rxc7 Kg6 29. Qxa7 Qd8 30. Rd7 Qe8 31. Bb4 Bxb4 32. axb4 h5 33. Nd2 Nh6 34.
Ne4 Qb8 35. Qc5 Qa8 36. f3 Qa3 37. Kh2 Qe3 38. Qc2 Nf5 39. Nd6 Qf4+ 40. Kh1
Qxd4 41. Qe4 Qd1+ 42. Kh2 h4 43. Rxf7 Qd2 44. Rf6+ Kh7 45. Rxe6 Qf4+ 46. Qxf4
gxf4 47. Nxf5 Rb8 48. Rh6+ Kg8 49. Rxh4 Rxb4 50. Rg4+ Kf7 51. Nd6+ Ke6 52. Ne4
Kxe5 53. h4 Rb2 54. Rg5+ Ke6 55. h5 Rb1 56. h6 Rb8 57. Rg6+ Ke5 58. h7 Rh8 59.
Rg7 1-0

[Event "II Open"]
[Site "Bolzano - Bozen ITA"]
[Date "2007.05.26"]
[Round "2"]
[White "Scharrer, Patrick"]
[Black "Stivaletta, Andrea"]
[Result "1/2-1/2"]
[WhiteElo "2161"]
[BlackElo "1739"]
[PlyCount "78"]
[EventDate "2007.05.25"]

1. e4 e5 2. Nf3 Nc6 3. Bb5 a6 4. Ba4 Nf6 5. O-O b5 6. Bb3 Be7 7. Re1 O-O 8. a4
Bb7 9. d3 d6 10. Nc3 b4 11. Ne2 Na5 12. Ba2 c5 13. Ng3 Bc8 14. Bg5 h6 15. Bd2
Nc6 16. h3 Be6 17. Bc4 Na5 18. b3 Nc6 19. Nh2 Qd7 20. Nh5 d5 21. Nxf6+ Bxf6 22.
exd5 Bxd5 23. Ng4 Bh4 24. Bxd5 Qxd5 25. Nxh6+ gxh6 26. Qg4+ Bg5 27. h4 Qd4 28.
Qxd4 Nxd4 29. hxg5 Nxc2 30. Rad1 Nxe1 31. Rxe1 hxg5 32. Rxe5 f6 33. Rxc5 a5 34.
Rf5 Rfd8 35. Rxf6 Rxd3 36. Bxg5 Rxb3 37. Rb6 Rb1+ 38. Kh2 Rf8 39. Bf6 Rc8
1/2-1/2

[Event "II Open"]
[Site "Bolzano - Bozen ITA"]
[Date "2007.05.26"]
[Round "2"]
[White "Sinner, Armin"]
[Black "Raich, Dominik"]
[Result "1-0"]
[WhiteElo "1506"]
[BlackElo "1440"]
[PlyCount "23"]
[EventDate "2007.05.25"]

1. d4 d5 2. c4 dxc4 3. Nc3 Nc6 4. Nf3 Bf5 5. d5 Nb4 6. Qa4+ c6 7. Qxb4 cxd5 8.
Qxb7 Nf6 9. Bf4 g6 10. Rd1 e6 11. Ne5 Bc5 12. Qxf7# 1-0

[Event "II Open"]
[Site "Bolzano - Bozen ITA"]
[Date "2007.05.26"]
[Round "2"]
[White "Spornberger, Maximilian"]
[Black "Sader, Michael"]
[Result "0-1"]
[WhiteElo "1707"]
[BlackElo "2259"]
[PlyCount "100"]
[EventDate "2007.05.25"]

1. Nf3 c5 2. g3 b6 3. Bg2 Bb7 4. O-O e6 5. d3 d6 6. Nbd2 Nf6 7. e4 Nbd7 8. a4
a6 9. c3 Be7 10. Rb1 Qc7 11. b4 cxb4 12. cxb4 d5 13. Bb2 dxe4 14. dxe4 Rc8 15.
Rc1 Qb8 16. Qb3 O-O 17. Nd4 Rfe8 18. f4 Bf8 19. Rxc8 Rxc8 20. g4 e5 21. fxe5
Nxe5 22. g5 Nfd7 23. Nf5 Qc7 24. Nf3 Qc2 25. Qxc2 Nxf3+ 26. Bxf3 Rxc2 27. Bd4
Rc4 28. Bd1 Rxb4 29. Bc3 Rxe4 30. Bf3 Bc5+ 31. Kh1 Rf4 32. Nh4 Bxf3+ 33. Nxf3
Rxa4 34. Rd1 Nf8 35. Ne5 Ne6 36. Nd7 Bd4 37. Be1 b5 38. Rc1 Rc4 39. Rd1 h5 40.
Bd2 b4 41. Rb1 a5 42. Re1 g6 43. Nf6+ Kg7 44. Ne8+ Kg8 45. Rf1 Rc2 46. Bc1 b3
47. Nd6 b2 48. Bxb2 Rxb2 49. Nxf7 Rf2 50. Nh6+ Kg7 0-1

[Event "II Open"]
[Site "Bolzano - Bozen ITA"]
[Date "2007.05.26"]
[Round "3"]
[White "Bernardi, Ruben"]
[Black "Gerstl, Karl"]
[Result "1-0"]
[WhiteElo "2109"]
[BlackElo "1826"]
[PlyCount "101"]
[EventDate "2007.05.25"]

1. e4 d6 2. d4 Bd7 3. Be3 c6 4. Qd2 Nf6 5. f3 e5 6. Ne2 Be7 7. c4 Na6 8. Nbc3
h6 9. g4 Nh7 10. Bg2 b5 11. cxb5 cxb5 12. Nd5 Bh4+ 13. Ng3 O-O 14. dxe5 dxe5
15. O-O Bxg3 16. hxg3 Be6 17. Rfd1 Bxd5 18. Qxd5 Qxd5 19. Rxd5 Nb4 20. Rc5 a6
21. a3 Nd3 22. Rc2 Rac8 23. Rd2 Nc1 24. Rd5 Nb3 25. Rb1 Rfe8 26. Rd3 Na5 27. b3
Rc2 28. Rc1 Rxc1+ 29. Bxc1 Nc6 30. Bb2 Nf8 31. Rd6 Rc8 32. Bf1 Ne6 33. a4 Ncd4
34. Bxd4 Nxd4 35. Rxa6 bxa4 36. bxa4 Nxf3+ 37. Kf2 Nd4 38. a5 Ne6 39. Rb6 Kh7
40. a6 Rc2+ 41. Ke1 Ra2 42. Bc4 Ra1+ 43. Ke2 Nc5 44. Rc6 Ra5 45. Bxf7 g5 46.
Bc4 Kg7 47. Rc7+ Kf6 48. a7 Na4 49. Bd5 Nb6 50. Rc6+ Kg7 51. Rxb6 1-0

[Event "II Open"]
[Site "Bolzano - Bozen ITA"]
[Date "2007.05.26"]
[Round "3"]
[White "De Bettin, Sergio"]
[Black "Pichler, Christoph"]
[Result "1-0"]
[WhiteElo "1840"]
[BlackElo "1587"]
[PlyCount "49"]
[EventDate "2007.05.25"]

1. e4 e5 2. Nf3 Nc6 3. Bb5 a6 4. Bxc6 dxc6 5. h3 Bc5 6. O-O Qd6 7. c3 Ne7 8. d4
exd4 9. cxd4 Ba7 10. Be3 Qg6 11. Kh1 Qxe4 12. Nc3 Qg6 13. Ne5 Qe6 14. Re1 f6
15. Qh5+ Kf8 16. Nf3 Qf5 17. Qh4 Kf7 18. Qg3 Qd7 19. Rad1 Re8 20. Bf4 Nf5 21.
Qh2 Rxe1+ 22. Rxe1 Nd6 23. g4 g5 24. Bxg5 fxg5 25. Ne5+ 1-0

[Event "II Open"]
[Site "Bolzano - Bozen ITA"]
[Date "2007.05.26"]
[Round "3"]
[White "Delago, Elisabeth"]
[Black "Spornberger, Maximilian"]
[Result "0-1"]
[WhiteElo "1455"]
[BlackElo "1707"]
[PlyCount "64"]
[EventDate "2007.05.25"]

1. c4 Nf6 2. Nc3 g6 3. Nf3 Bg7 4. g3 O-O 5. Bg2 d6 6. O-O Nbd7 7. d3 e5 8. Bg5
h6 9. Bd2 c6 10. e4 Nc5 11. Qe2 a5 12. Rab1 Nh5 13. a3 a4 14. Be3 Nb3 15. Qd1
Nd4 16. Nxa4 Bg4 17. b3 b5 18. Nc3 bxc4 19. bxc4 Rxa3 20. Na4 Nxf3+ 21. Bxf3
Bxf3 22. Qxf3 Rxa4 23. Rfd1 Nf6 24. Kg2 d5 25. cxd5 cxd5 26. exd5 Qxd5 27. Qxd5
Nxd5 28. Rb3 Ra2 29. Kg1 Nxe3 30. fxe3 Rc8 31. e4 Rcc2 32. Rb8+ Bf8 0-1

[Event "II Open"]
[Site "Bolzano - Bozen ITA"]
[Date "2007.05.26"]
[Round "3"]
[White "Nicolodi, Raoul"]
[Black "Paltrinieri, Nicholas"]
[Result "0-1"]
[WhiteElo "1500"]
[BlackElo "1872"]
[PlyCount "40"]
[EventDate "2007.05.25"]

1. d4 f5 2. Bf4 Nf6 3. e3 e6 4. Nf3 b6 5. c3 Bb7 6. Nbd2 Be7 7. h3 O-O 8. Bd3
c5 9. Qc2 Nc6 10. g4 cxd4 11. exd4 Rc8 12. Qb1 Ne4 13. gxf5 Nxd2 14. Kxd2 Nb4
15. f6 Nxd3 16. Qxd3 Rxf6 17. Ng5 Rf5 18. h4 Bxh1 19. Rxh1 h6 20. Qh3 Rxf4 0-1

[Event "II Open"]
[Site "Bolzano - Bozen ITA"]
[Date "2007.05.26"]
[Round "3"]
[White "Niederkofler, Andreas"]
[Black "Dallaglio, Giovanni"]
[Result "0-1"]
[WhiteElo "1691"]
[BlackElo "2027"]
[PlyCount "94"]
[EventDate "2007.05.25"]

1. e4 e6 2. d4 d5 3. e5 Ne7 4. Nf3 b6 5. Bg5 Qd7 6. b4 a5 7. b5 c6 8. a4 cxb5
9. Bxb5 Nec6 10. O-O Ba6 11. Nc3 Bb4 12. Na2 Be7 13. Nc3 O-O 14. Bxa6 Nxa6 15.
Nb5 Na7 16. Bxe7 Qxe7 17. Nd6 Nc8 18. Nb5 Nc7 19. Qd3 Nxb5 20. Qxb5 Rb8 21.
Rfb1 Na7 22. Qd3 Rfc8 23. Rb3 Qc7 24. c3 Qc4 25. Qxc4 Rxc4 26. Nd2 Rc6 27. Kf1
Rb7 28. Ke2 Nc8 29. Kd3 Rbc7 30. Rc1 Ne7 31. Rb5 Kf8 32. g3 f5 33. c4 dxc4+ 34.
Rxc4 Nd5 35. Rxc6 Rxc6 36. Nc4 g5 37. h3 h5 38. Rb1 Ke7 39. Rh1 Kd7 40. h4 g4
41. Rf1 Ke7 42. Rb1 Kf7 43. Nd6+ Kg6 44. Rb3 Rc1 45. Nc4 Nb4+ 46. Rxb4 axb4 47.
Nxb6 b3 0-1

[Event "II Open"]
[Site "Bolzano - Bozen ITA"]
[Date "2007.05.26"]
[Round "3"]
[White "Nischler, Hermann"]
[Black "Scharrer, Patrick"]
[Result "0-1"]
[WhiteElo "1580"]
[BlackElo "2161"]
[PlyCount "100"]
[EventDate "2007.05.25"]

1. e4 d5 2. exd5 Qxd5 3. d4 e5 4. dxe5 Qxd1+ 5. Kxd1 Bf5 6. Bd3 Bxd3 7. cxd3
Nc6 8. Nf3 O-O-O 9. Ke2 Bc5 10. Be3 Bxe3 11. fxe3 Nb4 12. Nc3 Nxd3 13. Rhd1 Nb4
14. Rxd8+ Kxd8 15. Rd1+ Kc8 16. a3 Nc6 17. Ne4 Nh6 18. Nc5 Re8 19. e6 fxe6 20.
Ng5 Nf5 21. Nxh7 Rh8 22. Ng5 Rxh2 23. Kf2 Rxg2+ 24. Kxg2 Nxe3+ 25. Kf3 Nxd1 26.
b3 Nc3 27. Ncxe6 Nb5 28. Nxg7 Nxa3 29. Ke4 Na5 30. b4 Nc6 31. Kd5 Nxb4+ 32. Ke6
a5 33. Nf5 Nac2 34. Ne7+ Kb8 35. Ne4 a4 36. Nc3 a3 37. Nf5 a2 38. Nxa2 Nxa2 39.
Kd5 Nab4+ 40. Kc4 c6 41. Nd6 Kc7 42. Ne8+ Kb6 43. Nd6 Nd5 44. Kb3 Nd4+ 45. Ka4
Ka6 46. Ne4 b5+ 47. Ka3 Kb6 48. Nd6 c5 49. Nc8+ Kc7 50. Na7 Kb7 0-1